01541naa a2200253 a 450000100080000000500110000800800410001910000200006024500990008026000090017930000160018850000120020452008010021665000130101765000120103065000170104265000140105965000130107365000210108670000180110770000230112570000170114877301220116518819242026-03-23 2010 bl uuuu u00u1 u #d1 aCORTEZ, L. A. B aTRMbBiomass thermoconversion using BTL (biomass to liquid) technology.h[electronic resource] c2010 ap. 919-936. aCap. 6. aAmong the vegetable biomass with energetic purposes, sugarcane has a privilege position in Brazil. It is a consolidated culture with well developed logistics in terms of harvesting and transportation, giving an enormous competitive advantage in relation to other energetic cultures. It is expected that gasification of bio-oil under pressure and in oxygen atmosphere should generate a much cleaner synthesis gas with quality for its use in the catalytic synthesis process. The use of pressurized reactors, fed with bio-oil, aims to reduce the investment costs and increase the production scale of synthesis gas. Although this may be true, there are many technology bottleneck points to be covered, in relation to feeding bio-oil, the quality of the gas, operational conditions of the reactor etc. aBiofuels aEthanol aGasification aPyrolysis aBiomassa aCana de Açúcar1 aJORDAN, R. A.1 aMESA PÉREZ, J. M.1 aROCHA, J. D. tIn: CORTEZ, L. A. B. (ed.). Sugarcane bioethanol: R&D for productivity and sustainability. São Paulo: Blucher, 2010.